[Event "DVM U20 2021"]
[Site "Kiel GER"]
[Date "2022.07.24"]
[Round "4"]
[White "Sabirov, Rafael"]
[Black "Klaas, Heiko"]
[Result "0-1"]
[Termination "normal"]
[Board "1.6"]
[WhiteElo "1777"]
[BlackElo "1986"]
[WhiteClock "00:15:41"]
[BlackClock "00:00:45"]
[WhiteTeam "Schachgemeinschaft Porz e. V."]
[BlackTeam "Hamburger SK von 1830 eV"]
[PlyCount "78"]
[WhiteFideId "16241185"]
[BlackFideId "16215940"]
[EventCountry "GER"]
[EventRounds "7"]
[EventType "team-swiss"]
[EventDate "2022.07.22"]

1. e4 {[%clk 01:30:55]} {[%emt 00:05:39]} e5 {[%clk 01:31:25]} 2. Nf3 {[%clk
01:31:21]} Nc6 {[%clk 01:31:50]} 3. Bb5 {[%clk 01:31:47]} a6 {[%clk 01:32:12]}
4. Ba4 {[%clk 01:32:02]} Nf6 {[%clk 01:32:34]} 5. d3 {[%clk 01:31:24]} d6
{[%clk 01:32:26]} 6. c3 {[%clk 01:31:40]} g6 {[%clk 01:31:32]} 7. O-O {[%clk
01:31:58]} Bg7 {[%clk 01:30:17]} 8. Re1 {[%clk 01:32:16]} O-O {[%clk 01:27:28]}
9. h3 {[%clk 01:32:12]} Re8 {[%clk 01:19:14]} 10. Nbd2 {[%clk 01:29:49]} b5
{[%clk 01:18:41]} 11. Bc2 {[%clk 01:29:28]} d5 {[%clk 01:04:56]} 12. exd5
{[%clk 01:27:37]} Nxd5 {[%clk 00:48:22]} 13. Nb3 {[%clk 01:22:59]} Bf5 {[%clk
00:42:22]} 14. d4 {[%clk 01:15:06]} Bxc2 {[%clk 00:42:35]} 15. Qxc2 {[%clk
01:14:12]} exd4 {[%clk 00:41:35]} 16. Rxe8+ {[%clk 01:14:37]} Qxe8 {[%clk
00:38:30]} 17. cxd4 {[%clk 01:12:09]} Ncb4 {[%clk 00:36:28]} 18. Qd1 {[%clk
01:05:42]} Qe4 {[%clk 00:29:11]} 19. Bd2 {[%clk 01:03:57]} Nd3 {[%clk
00:17:44]} 20. Rb1 {[%clk 01:02:05]} Re8 {[%clk 00:11:58]} 21. Nc5 {[%clk
01:01:09]} Nxc5 {[%clk 00:12:22]} 22. dxc5 {[%clk 00:59:14]} Qc4 {[%clk
00:09:28]} 23. b4 {[%clk 00:57:23]} Qxa2 {[%clk 00:08:06]} 24. Rb3 {[%clk
00:51:53]} h6 {[%clk 00:03:44]} 25. Kf1 {[%clk 00:50:40]} Kh7 {[%clk 00:03:06]}
26. Kg1 {[%clk 00:49:03]} Re4 {[%clk 00:02:10]} 27. Be1 {[%clk 00:44:38]} c6
{[%clk 00:01:58]} 28. Qd3 {[%clk 00:34:14]} f5 {[%clk 00:01:07]} 29. Kf1 {[%clk
00:30:00]} Nf4 {[%clk 00:00:41]} {[%emt 02:58:51]} 30. Qd1 {[%clk 00:27:20]}
Rc4 {[%clk 00:00:35]} 31. h4 {[%clk 00:23:03]} Rc2 {[%clk 00:00:52]} 32. Re3
{[%clk 00:23:00]} Qc4+ {[%clk 00:01:02]} 33. Kg1 {[%clk 00:21:48]} Nd5 {[%clk
00:00:53]} 34. Re8 {[%clk 00:20:59]} Rc1 {[%clk 00:00:49]} 35. Qd2 {[%clk
00:18:49]} Rb1 {[%clk 00:01:08]} 36. Kh2 {[%clk 00:17:42]} Bc3 {[%clk
00:00:33]} 37. Ng5+ {[%clk 00:15:22]} hxg5 {[%clk 00:00:52]} 38. Qxg5 {[%clk
00:15:43]} Rxe1 {[%clk 00:00:45]} 39. Ra8 {[%clk 00:15:41]} Qf4+ 0-1

[Event "DVM U20 2021"]
[Site "Kiel GER"]
[Date "2022.07.24"]
[Round "4"]
[White "Koll, Lukas"]
[Black "Elier, Ali"]
[Result "1/2-1/2"]
[Termination "normal"]
[Board "2.1"]
[WhiteElo "2060"]
[BlackElo "2144"]
[WhiteClock "00:22:18"]
[BlackClock "00:27:14"]
[WhiteTeam "Karlsruher SF 1853"]
[BlackTeam "Schachfreunde Brackel 1930 e. V."]
[PlyCount "40"]
[WhiteFideId "12969737"]
[BlackFideId "16217543"]
[EventCountry "GER"]
[EventRounds "7"]
[EventType "team-swiss"]
[EventDate "2022.07.22"]

1. d4 {[%clk 01:30:57]} {[%emt 00:00:02]} d5 {[%clk 01:30:54]} {[%emt
00:00:06]} 2. c4 {[%clk 01:31:24]} {[%emt 00:00:04]} e6 {[%clk 01:31:20]}
{[%emt 00:00:04]} 3. cxd5 {[%clk 01:31:51]} {[%emt 00:00:03]} exd5 {[%clk
01:31:42]} {[%emt 00:00:07]} 4. Nf3 {[%clk 01:32:11]} {[%emt 00:00:11]} c6
{[%clk 01:32:00]} {[%emt 00:00:14]} 5. Qc2 {[%clk 01:32:36]} {[%emt 00:00:03]}
Nf6 {[%clk 01:30:59]} {[%emt 00:01:31]} 6. Bg5 {[%clk 01:32:45]} {[%emt
00:00:22]} h6 {[%clk 01:31:00]} {[%emt 00:00:29]} 7. Bh4 {[%clk 01:32:52]}
{[%emt 00:00:23]} Bd6 {[%clk 01:30:55]} {[%emt 00:00:35]} 8. e3 {[%clk
01:33:05]} {[%emt 00:00:17]} Be6 {[%clk 01:28:37]} {[%emt 00:02:47]} 9. Bd3
{[%clk 01:31:59]} {[%emt 00:01:35]} Nbd7 {[%clk 01:26:28]} {[%emt 00:02:40]}
10. Nc3 {[%clk 01:20:58]} {[%emt 00:11:33]} Qa5 {[%clk 01:21:11]} {[%emt
00:05:47]} 11. a3 {[%clk 01:17:43]} {[%emt 00:03:45]} Rc8 {[%clk 01:12:20]}
{[%emt 00:09:21]} 12. O-O {[%clk 01:12:36]} {[%emt 00:05:37]} c5 {[%clk
01:09:43]} {[%emt 00:03:07]} 13. dxc5 {[%clk 01:11:42]} {[%emt 00:01:24]} Qxc5
{[%clk 01:09:49]} {[%emt 00:00:23]} 14. Rac1 {[%clk 01:07:03]} {[%emt
00:05:10]} Qb6 {[%clk 01:00:05]} {[%emt 00:10:13]} 15. Bg3 {[%clk 00:46:35]}
{[%emt 00:20:59]} O-O {[%clk 00:52:34]} {[%emt 00:08:00]} 16. Bxd6 {[%clk
00:40:17]} {[%emt 00:06:49]} Qxd6 {[%clk 00:51:52]} {[%emt 00:01:12]} 17. Bf5
{[%clk 00:39:50]} {[%emt 00:00:52]} Ne5 {[%clk 00:50:07]} {[%emt 00:02:19]} 18.
Nd4 {[%clk 00:29:55]} {[%emt 00:10:26]} a6 {[%clk 00:47:19]} {[%emt 00:03:17]}
19. Rfd1 {[%clk 00:27:15]} {[%emt 00:03:09]} Qe7 {[%clk 00:34:32]} {[%emt
00:13:17]} 20. Qe2 {[%clk 00:22:18]} {[%emt 00:05:25]} Bxf5 {[%clk 00:27:14]}
{[%emt 00:07:50]} 1/2-1/2

[Event "DVM U20 2021"]
[Site "Kiel GER"]
[Date "2022.07.24"]
[Round "4"]
[White "Garbuz, Vitaliy"]
[Black "Fidlin, Simon"]
[Result "0-1"]
[Termination "normal"]
[Board "2.2"]
[WhiteElo "2088"]
[BlackElo "2013"]
[WhiteClock "00:01:38"]
[BlackClock "00:50:05"]
[WhiteTeam "Schachfreunde Brackel 1930 e. V."]
[BlackTeam "Karlsruher SF 1853"]
[PlyCount "114"]
[WhiteFideId "12990710"]
[BlackFideId "16217535"]
[EventCountry "GER"]
[EventRounds "7"]
[EventType "team-swiss"]
[EventDate "2022.07.22"]

1. e4 {[%clk 01:30:59]} {[%emt 01:05:04]} c5 {[%clk 01:30:44]} {[%emt
00:00:15]} 2. d4 {[%clk 01:31:25]} {[%emt 00:00:07]} cxd4 {[%clk 01:31:08]}
{[%emt 00:00:04]} 3. c3 {[%clk 01:31:51]} {[%emt 00:00:04]} dxc3 {[%clk
01:31:29]} {[%emt 00:00:08]} 4. Nxc3 {[%clk 01:32:17]} {[%emt 00:00:06]} e6
{[%clk 01:31:53]} {[%emt 00:00:05]} 5. Nf3 {[%clk 01:32:44]} {[%emt 00:00:04]}
a6 {[%clk 01:32:16]} {[%emt 00:00:06]} 6. Bc4 {[%clk 01:33:09]} {[%emt
00:00:07]} b5 {[%clk 01:32:41]} {[%emt 00:00:03]} 7. Bb3 {[%clk 01:33:36]}
{[%emt 00:00:04]} Nc6 {[%clk 01:33:05]} {[%emt 00:00:07]} 8. O-O {[%clk
01:33:59]} {[%emt 00:00:06]} Bb7 {[%clk 01:33:31]} {[%emt 00:00:04]} 9. Re1
{[%clk 01:34:23]} {[%emt 00:00:06]} Bc5 {[%clk 01:33:56]} {[%emt 00:00:04]} 10.
Be3 {[%clk 01:16:59]} {[%emt 00:17:55]} Bxe3 {[%clk 01:30:21]} {[%emt
00:04:06]} 11. Rxe3 {[%clk 01:17:18]} {[%emt 00:00:10]} Nge7 {[%clk 01:29:59]}
{[%emt 00:00:51]} 12. Qd6 {[%clk 00:57:15]} {[%emt 00:20:34]} Qb8 {[%clk
01:29:33]} {[%emt 00:00:56]} 13. Qd2 {[%clk 00:45:55]} {[%emt 00:11:50]} Na5
{[%clk 01:29:45]} {[%emt 00:00:17]} 14. Rd1 {[%clk 00:44:52]} {[%emt 00:01:34]}
Bc6 {[%clk 01:24:47]} {[%emt 00:05:27]} 15. Nd4 {[%clk 00:42:05]} {[%emt
00:03:16]} Nxb3 {[%clk 01:23:55]} {[%emt 00:01:23]} 16. axb3 {[%clk 00:31:00]}
{[%emt 00:11:35]} Ra7 {[%clk 01:18:47]} {[%emt 00:05:39]} 17. b4 {[%clk
00:30:02]} {[%emt 00:01:28]} O-O {[%clk 01:17:22]} {[%emt 00:01:54]} 18. Nb3
{[%clk 00:25:01]} {[%emt 00:05:29]} Ng6 {[%clk 01:15:55]} {[%emt 00:01:59]} 19.
Rg3 {[%clk 00:22:28]} {[%emt 00:03:03]} Qe5 {[%clk 01:12:37]} {[%emt 00:03:48]}
20. Qe3 {[%clk 00:22:26]} {[%emt 00:00:32]} Raa8 {[%clk 01:07:37]} {[%emt
00:05:30]} 21. Nc5 {[%clk 00:22:08]} {[%emt 00:00:48]} Qc7 {[%clk 01:02:26]}
{[%emt 00:05:41]} 22. Qd4 {[%clk 00:18:47]} {[%emt 00:03:52]} Rfd8 {[%clk
01:00:11]} {[%emt 00:02:44]} 23. Nd3 {[%clk 00:11:46]} {[%emt 00:07:31]} f6
{[%clk 00:57:59]} {[%emt 00:02:42]} 24. Rc1 {[%clk 00:06:02]} {[%emt 00:06:14]}
Kf7 {[%clk 00:55:14]} {[%emt 00:03:15]} 25. Ne2 {[%clk 00:03:53]} {[%emt
00:02:39]} a5 {[%clk 00:51:39]} {[%emt 00:04:05]} 26. Qc5 {[%clk 00:01:17]}
{[%emt 00:03:07]} Qa7 {[%clk 00:49:04]} {[%emt 00:03:05]} 27. Re3 {[%clk
00:00:36]} {[%emt 00:01:11]} Qxc5 {[%clk 00:48:20]} {[%emt 00:01:13]} 28. bxc5
{[%clk 00:00:37]} {[%emt 00:00:29]} b4 {[%clk 00:48:17]} {[%emt 00:00:33]} 29.
Nd4 {[%clk 00:00:50]} {[%emt 00:00:17]} Rdc8 {[%clk 00:47:51]} {[%emt
00:00:55]} 30. b3 {[%clk 00:00:40]} {[%emt 00:00:41]} Ke7 {[%clk 00:47:32]}
{[%emt 00:00:49]} 31. Nb2 {[%clk 00:00:55]} {[%emt 00:00:15]} Ra6 {[%clk
00:45:13]} {[%emt 00:02:49]} 32. Nc4 {[%clk 00:01:19]} {[%emt 00:00:06]} Ba8
{[%clk 00:44:29]} {[%emt 00:01:13]} 33. Nb2 {[%clk 00:00:38]} {[%emt 00:01:13]}
Bb7 {[%clk 00:43:24]} {[%emt 00:01:35]} 34. Ree1 {[%clk 00:00:49]} {[%emt
00:00:19]} Ne5 {[%clk 00:43:34]} {[%emt 00:00:19]} 35. f3 {[%clk 00:01:08]}
{[%emt 00:00:12]} g5 {[%clk 00:42:39]} {[%emt 00:01:24]} 36. Kf2 {[%clk
00:01:00]} {[%emt 00:00:38]} d6 {[%clk 00:42:50]} {[%emt 00:00:19]} 37. cxd6+
{[%clk 00:01:07]} {[%emt 00:00:24]} Rxd6 {[%clk 00:43:10]} {[%emt 00:00:09]}
38. Rxc8 {[%clk 00:01:23]} {[%emt 00:00:14]} Bxc8 {[%clk 00:43:32]} {[%emt
00:00:07]} 39. Ke3 {[%clk 00:01:24]} {[%emt 00:00:29]} Nc6 {[%clk 00:42:53]}
{[%emt 00:01:10]} 40. Nb5 {[%clk 00:00:37]} {[%emt 00:01:17]} Rd7 {[%clk
00:41:52]} {[%emt 00:01:31]} 41. Rc1 {[%clk 00:27:24]} {[%emt 00:03:42]} Bb7
{[%clk 01:08:08]} {[%emt 00:04:14]} 42. Rc5 {[%clk 00:23:54]} {[%emt 00:04:01]}
h5 {[%clk 01:00:10]} {[%emt 00:08:28]} 43. Nc4 {[%clk 00:08:25]} {[%emt
00:16:00]} Rd1 {[%clk 00:56:43]} {[%emt 00:03:58]} 44. Ke2 {[%clk 00:07:28]}
{[%emt 00:01:26]} Rb1 {[%clk 00:53:33]} {[%emt 00:03:40]} 45. Na7 {[%clk
00:07:35]} {[%emt 00:00:23]} Nxa7 {[%clk 00:52:42]} {[%emt 00:01:20]} 46. Rc7+
{[%clk 00:06:05]} {[%emt 00:02:00]} Kd8 {[%clk 00:52:42]} {[%emt 00:00:30]} 47.
Rxb7 {[%clk 00:06:31]} {[%emt 00:00:05]} Nc6 {[%clk 00:53:04]} {[%emt
00:00:08]} 48. Nd2 {[%clk 00:05:21]} {[%emt 00:01:40]} Rb2 {[%clk 00:50:33]}
{[%emt 00:03:00]} 49. Ke3 {[%clk 00:04:36]} {[%emt 00:01:16]} e5 {[%clk
00:49:56]} {[%emt 00:01:06]} 50. Rf7 {[%clk 00:01:12]} {[%emt 00:03:54]} Nd4
{[%clk 00:50:07]} {[%emt 00:00:19]} 51. Rxf6 {[%clk 00:01:19]} {[%emt
00:00:23]} Nxb3 {[%clk 00:50:31]} {[%emt 00:00:07]} 52. Nc4 {[%clk 00:01:17]}
{[%emt 00:00:32]} Rxg2 {[%clk 00:50:46]} {[%emt 00:00:15]} 53. Nxe5 {[%clk
00:01:36]} {[%emt 00:00:10]} Rc2 {[%clk 00:49:47]} {[%emt 00:01:29]} 54. Nd3
{[%clk 00:00:48]} {[%emt 00:01:17]} Rc3 {[%clk 00:49:54]} {[%emt 00:00:24]} 55.
Ke2 {[%clk 00:01:09]} {[%emt 00:00:09]} Ke7 {[%clk 00:49:35]} {[%emt 00:00:48]}
56. e5 {[%clk 00:01:15]} {[%emt 00:00:24]} Nc1+ {[%clk 00:49:40]} {[%emt
00:00:25]} 57. Nxc1 {[%clk 00:01:38]} {[%emt 00:00:08]} Rxc1 {[%clk 00:50:05]}
{[%emt 00:00:04]} 0-1

[Event "DVM U20 2021"]
[Site "Kiel GER"]
[Date "2022.07.24"]
[Round "4"]
[White "Koll, Linus"]
[Black "Kracht, Raphael"]
[Result "0-1"]
[Termination "normal"]
[Board "2.3"]
[WhiteElo "2033"]
[BlackElo "2045"]
[WhiteClock "00:07:48"]
[BlackClock "00:50:24"]
[WhiteTeam "Karlsruher SF 1853"]
[BlackTeam "Schachfreunde Brackel 1930 e. V."]
[PlyCount "46"]
[WhiteFideId "12990299"]
[BlackFideId "16214382"]
[EventCountry "GER"]
[EventRounds "7"]
[EventType "team-swiss"]
[EventDate "2022.07.22"]

1. e4 {[%clk 01:30:59]} {[%emt 00:00:02]} e5 {[%clk 01:30:55]} {[%emt
00:00:04]} 2. Nf3 {[%clk 01:31:26]} {[%emt 00:00:04]} Nc6 {[%clk 01:31:21]}
{[%emt 00:00:03]} 3. Bc4 {[%clk 01:31:53]} {[%emt 00:00:03]} Bc5 {[%clk
01:31:44]} {[%emt 00:00:07]} 4. c3 {[%clk 01:32:20]} {[%emt 00:00:03]} Nf6
{[%clk 01:32:10]} {[%emt 00:00:04]} 5. d3 {[%clk 01:32:47]} {[%emt 00:00:03]}
O-O {[%clk 01:32:36]} {[%emt 00:00:05]} 6. O-O {[%clk 01:33:12]} {[%emt
00:00:04]} d5 {[%clk 01:33:05]} {[%emt 00:00:04]} 7. exd5 {[%clk 01:33:21]}
{[%emt 00:00:19]} Nxd5 {[%clk 01:33:29]} {[%emt 00:00:06]} 8. Re1 {[%clk
01:33:43]} {[%emt 00:00:08]} Bg4 {[%clk 01:33:55]} {[%emt 00:00:04]} 9. h3
{[%clk 01:34:03]} {[%emt 00:00:10]} Bh5 {[%clk 01:34:20]} {[%emt 00:00:05]} 10.
Nbd2 {[%clk 01:34:27]} {[%emt 00:00:06]} Nb6 {[%clk 01:34:31]} {[%emt
00:00:19]} 11. Bb3 {[%clk 01:34:28]} {[%emt 00:00:28]} Qxd3 {[%clk 01:29:47]}
{[%emt 00:05:13]} 12. Nxe5 {[%clk 01:34:53]} {[%emt 00:00:06]} Qf5 {[%clk
01:29:32]} {[%emt 00:00:45]} 13. Nef3 {[%clk 01:35:17]} {[%emt 00:00:05]} Rad8
{[%clk 01:29:57]} {[%emt 00:00:05]} 14. Qe2 {[%clk 01:35:37]} {[%emt 00:00:10]}
Qc8 {[%clk 01:30:11]} {[%emt 00:00:16]} 15. Qf1 {[%clk 01:34:21]} {[%emt
00:01:47]} Nd7 {[%clk 01:11:13]} {[%emt 00:19:28]} 16. Qc4 {[%clk 01:12:28]}
{[%emt 00:22:23]} Rfe8 {[%clk 00:59:44]} {[%emt 00:11:59]} 17. Rxe8+ {[%clk
01:00:17]} {[%emt 00:12:41]} Rxe8 {[%clk 01:00:05]} {[%emt 00:00:09]} 18. Qd5
{[%clk 00:59:11]} {[%emt 00:01:36]} Nce5 {[%clk 00:58:11]} {[%emt 00:02:23]}
19. Bd1 {[%clk 00:13:27]} {[%emt 00:46:14]} c6 {[%clk 00:55:27]} {[%emt
00:03:13]} 20. Qb3 {[%clk 00:13:16]} {[%emt 00:00:41]} Nd3 {[%clk 00:53:16]}
{[%emt 00:02:41]} 21. Bc2 {[%clk 00:10:10]} {[%emt 00:03:36]} Bxf2+ {[%clk
00:49:53]} {[%emt 00:03:53]} 22. Kh1 {[%clk 00:10:20]} {[%emt 00:00:20]} N7c5
{[%clk 00:50:11]} {[%emt 00:00:13]} 23. Qa3 {[%clk 00:07:48]} {[%emt 00:03:02]}
Ne1 {[%clk 00:50:24]} {[%emt 00:00:16]} 0-1

[Event "DVM U20 2021"]
[Site "Kiel GER"]
[Date "2022.07.24"]
[Round "4"]
[White "Kartsev, Nikolay"]
[Black "Wegmer, Leon"]
[Result "1-0"]
[Termination "normal"]
[Board "2.4"]
[WhiteElo "2046"]
[BlackElo "1912"]
[WhiteClock "00:04:20"]
[BlackClock "00:24:44"]
[WhiteTeam "Schachfreunde Brackel 1930 e. V."]
[BlackTeam "Karlsruher SF 1853"]
[PlyCount "93"]
[WhiteFideId "12939536"]
[BlackFideId "12983748"]
[EventCountry "GER"]
[EventRounds "7"]
[EventType "team-swiss"]
[EventDate "2022.07.22"]

1. e4 {[%clk 01:30:14]} {[%emt 00:00:46]} c5 {[%clk 01:30:59]} 2. c3 {[%clk
01:30:38]} {[%emt 00:00:07]} Nf6 {[%clk 01:31:25]} {[%emt 00:00:04]} 3. e5
{[%clk 01:31:04]} {[%emt 00:00:03]} Nd5 {[%clk 01:31:52]} {[%emt 00:00:03]} 4.
d4 {[%clk 01:31:30]} {[%emt 00:00:04]} cxd4 {[%clk 01:32:20]} {[%emt 00:00:02]}
5. Nf3 {[%clk 01:31:48]} {[%emt 00:00:12]} Nc6 {[%clk 01:32:46]} {[%emt
00:00:04]} 6. cxd4 {[%clk 01:32:10]} {[%emt 00:00:08]} d6 {[%clk 01:32:28]}
{[%emt 00:00:49]} 7. Bc4 {[%clk 01:32:36]} {[%emt 00:00:04]} dxe5 {[%clk
01:32:02]} {[%emt 00:00:56]} 8. Bxd5 {[%clk 01:32:59]} {[%emt 00:00:06]} Qxd5
{[%clk 01:32:24]} {[%emt 00:00:08]} 9. Nc3 {[%clk 01:33:25]} {[%emt 00:00:04]}
Qd6 {[%clk 01:26:48]} {[%emt 00:06:04]} 10. d5 {[%clk 01:33:29]} {[%emt
00:00:27]} Nd4 {[%clk 01:24:05]} {[%emt 00:03:13]} 11. Nxd4 {[%clk 01:32:43]}
{[%emt 00:01:17]} exd4 {[%clk 01:24:29]} {[%emt 00:00:05]} 12. Qxd4 {[%clk
01:33:08]} {[%emt 00:00:04]} e5 {[%clk 01:19:56]} {[%emt 00:05:03]} 13. Qd3
{[%clk 01:32:01]} {[%emt 00:01:38]} Bd7 {[%clk 01:14:59]} {[%emt 00:05:26]} 14.
O-O {[%clk 01:32:10]} {[%emt 00:00:22]} Be7 {[%clk 01:14:30]} {[%emt 00:00:59]}
15. Ne4 {[%clk 01:31:17]} {[%emt 00:01:23]} Qg6 {[%clk 01:14:38]} {[%emt
00:00:21]} 16. Re1 {[%clk 01:21:03]} {[%emt 00:10:45]} O-O {[%clk 01:12:04]}
{[%emt 00:03:04]} 17. d6 {[%clk 01:19:29]} {[%emt 00:02:04]} Bd8 {[%clk
01:11:42]} {[%emt 00:00:52]} 18. Nc5 {[%clk 01:06:52]} {[%emt 00:13:07]} Qxd3
{[%clk 01:09:45]} {[%emt 00:02:26]} 19. Nxd3 {[%clk 01:06:29]} {[%emt
00:00:53]} f6 {[%clk 01:09:39]} {[%emt 00:00:36]} 20. Be3 {[%clk 01:06:30]}
{[%emt 00:00:28]} Ba5 {[%clk 01:04:13]} {[%emt 00:05:56]} 21. Red1 {[%clk
00:55:30]} {[%emt 00:11:30]} Rfd8 {[%clk 01:00:22]} {[%emt 00:04:21]} 22. b4
{[%clk 00:55:20]} {[%emt 00:00:40]} Bb6 {[%clk 01:00:48]} {[%emt 00:00:04]} 23.
Nc5 {[%clk 00:47:25]} {[%emt 00:08:25]} Bc6 {[%clk 00:59:46]} {[%emt 00:01:32]}
24. Ne6 {[%clk 00:36:09]} {[%emt 00:11:45]} Rd7 {[%clk 00:59:43]} {[%emt
00:00:34]} 25. a4 {[%clk 00:23:57]} {[%emt 00:12:42]} Kf7 {[%clk 00:57:06]}
{[%emt 00:03:08]} 26. Nc5 {[%clk 00:22:45]} {[%emt 00:01:42]} Bxc5 {[%clk
00:57:30]} {[%emt 00:00:06]} 27. bxc5 {[%clk 00:21:27]} {[%emt 00:01:48]} Re8
{[%clk 00:53:26]} {[%emt 00:04:33]} 28. a5 {[%clk 00:17:56]} {[%emt 00:04:02]}
a6 {[%clk 00:52:52]} {[%emt 00:01:04]} 29. Re1 {[%clk 00:13:08]} {[%emt
00:05:18]} Kf8 {[%clk 00:48:39]} {[%emt 00:04:43]} 30. h4 {[%clk 00:10:21]}
{[%emt 00:03:17]} h5 {[%clk 00:44:59]} {[%emt 00:04:10]} 31. Ra3 {[%clk
00:07:35]} {[%emt 00:03:15]} Kf7 {[%clk 00:44:56]} {[%emt 00:00:33]} 32. f3
{[%clk 00:06:31]} {[%emt 00:01:35]} e4 {[%clk 00:43:04]} {[%emt 00:02:22]} 33.
f4 {[%clk 00:06:52]} {[%emt 00:00:09]} f5 {[%clk 00:42:44]} {[%emt 00:00:50]}
34. Bd4 {[%clk 00:06:03]} {[%emt 00:01:19]} g6 {[%clk 00:42:31]} {[%emt
00:00:43]} 35. Kf2 {[%clk 00:06:10]} {[%emt 00:00:22]} Re6 {[%clk 00:42:13]}
{[%emt 00:00:48]} 36. Ke3 {[%clk 00:06:23]} {[%emt 00:00:18]} Re8 {[%clk
00:42:11]} {[%emt 00:00:32]} 37. Be5 {[%clk 00:06:48]} {[%emt 00:00:05]} Re6
{[%clk 00:41:13]} {[%emt 00:01:27]} 38. Kd4 {[%clk 00:07:13]} {[%emt 00:00:05]}
Re8 {[%clk 00:41:13]} {[%emt 00:00:30]} 39. Rg3 {[%clk 00:07:23]} {[%emt
00:00:20]} Re6 {[%clk 00:40:35]} {[%emt 00:01:08]} 40. Rg5 {[%clk 00:07:44]}
{[%emt 00:00:09]} Re8 {[%clk 00:38:47]} {[%emt 00:02:18]} 41. g4 {[%clk
00:06:30]} {[%emt 00:01:44]} hxg4 {[%clk 00:38:47]} {[%emt 00:00:31]} 42. h5
{[%clk 00:06:50]} {[%emt 00:00:10]} gxh5 {[%clk 00:28:10]} {[%emt 00:11:06]}
43. Rxf5+ {[%clk 00:06:43]} {[%emt 00:00:38]} Kg6 {[%clk 00:25:26]} {[%emt
00:03:14]} 44. Rg5+ {[%clk 00:03:10]} {[%emt 00:04:02]} Kf7 {[%clk 00:25:25]}
{[%emt 00:00:32]} 45. Rg7+ {[%clk 00:03:31]} {[%emt 00:00:09]} Ke6 {[%clk
00:24:34]} {[%emt 00:01:21]} 46. f5+ {[%clk 00:03:54]} {[%emt 00:00:07]} Kxf5
{[%clk 00:24:44]} {[%emt 00:00:19]} 47. Rf1+ {[%clk 00:04:20]} {[%emt
00:00:04]} 1-0